000 00687cam a22002533a 4500
001 28063
003 PGUSA
005 20140828083615.0
008 090213s2009||||xxu|||||s|||||000 1 eng d
040 _aPGUSA
_beng
042 _adc
050 4 _aPS
100 1 _aBova, Ben,
_d1932-
245 1 4 _aThe Next Logical Step
_h[electronic resource] /
_cBen Bova
260 _bProject Gutenberg,
_c2009
506 _aPublic domain in the USA.
516 _aElectronic text
653 _aScience fiction
653 _aShort stories
700 1 _aSchelling, George Luther,
_d1938-
830 0 _aProject Gutenberg
_v28063
856 4 0 _uhttp://www.gutenberg.org/ebooks/28063
942 _cEB
999 _c257318
_d257318